Пушкин в изгнании: роман; в 2 ч.; Ч. 1; Пушкин на юге

Bibliographische Detailangaben
1. Verfasser: Новиков И. А. Иван Алексеевич
Weitere Verfasser: Макаров А. А. (автор предисловия), Гаврилин Е. (иллюстратор)
Sprache:Russisch
Veröffentlicht: Тула, Приокское кн. изд-во, 1988
Schriftenreihe:Отчий край
Schlagworte:
Format: MixedMaterials Buch
KOHA link:https://koha.lib.tpu.ru/cgi-bin/koha/opac-detail.pl?biblionumber=145850

MARC

LEADER 00000nam0a2200000 4500
001 145850
005 20240914063124.0
020 |a RU  |b 88-2842 
035 |a (RuTPU)RU\TPU\book\158093 
090 |a 145850 
100 |a 20081023g1988 m y0rusy5003 ca 
101 0 |a rus 
102 |a RU 
105 |a c z 000ab 
200 1 |a Пушкин в изгнании  |e роман  |e в 2 ч.  |h Ч. 1  |i Пушкин на юге  |f И. А. Новиков  |g авт. предисл., послесл. и примеч. А. А. Макаров ; худож. Е. Гаврилин 
210 |a Тула  |c Приокское кн. изд-во  |d 1988 
215 |e 1 л. портр.  |a 400 с. 
225 1 |a Отчий край 
600 1 |a Пушкин  |b А. С.  |c российский поэт  |c писатель  |f 1799-1837  |g Александр Сергеевич  |7 ca  |8 rus  |2 stltpush  |3 (RuTPU)RU\TPU\pers\1026  |9 453 
610 1 |a Писатели русские 
610 1 |a биографическая проза 
675 |a Р2  |z rus 
700 1 |a Новиков  |b И. А.  |c русский писатель  |f 1877-1959  |g Иван Алексеевич  |2 stltpush  |3 (RuTPU)RU\TPU\pers\19134  |9 7254 
702 1 |a Макаров  |b А. А.  |4 080 
702 1 |a Гаврилин  |b Е.  |4 440 
801 0 |a RU  |b RuMRKP  |c 19950417  |g psbo 
801 1 |a RU  |b 63413507  |c 20081023  |g PSBO 
801 2 |a RU  |b 63413507  |c 20100317  |g PSBO 
942 |c BK